| 000 | 00797nam a2200265Ia 4500 | ||
|---|---|---|---|
| 003 | OSt | ||
| 005 | 20221005043712.0 | ||
| 006 | a|||||r|||| 00| 0 | ||
| 007 | ta | ||
| 008 | 221004b |||||||| |||| 00| 0 eng d | ||
| 020 |
_a9788182904507 (hbk) _cINR 3995.00 |
||
| 024 | _a43169 | ||
| 037 |
_b271, 09/02/2019, Eastern Book Linkers _cTextual |
||
| 040 |
_aCRL _cCRL _beng |
||
| 041 |
_2eng _aeng |
||
| 082 | _aNS44, Q7 | ||
| 100 |
_aBanerjee Utpal K Au. _9591832 |
||
| 245 | 0 | _aWorld of indian performing arts | |
| 260 |
_aGurgaon _bShubhi Publication India _c2017 |
||
| 300 |
_a268p. _ccm. |
||
| 650 |
_a DANCE - INDIA _9591833 |
||
| 650 | _aARTS | ||
| 942 |
_hNS44, Q7 _cTEXL _2cc |
||
| 999 |
_c952289 _d952289 |
||